Quality Improvement in Heath Care ,A Quide for Students and Practitioners (Record no. 2204)

MARC details
000 -LEADER
fixed length control field 00366nam a22001337a 4500
008 - FIXED-LENGTH DATA ELEMENTS--GENERAL INFORMATION
fixed length control field 250310b |||||||| |||| 00| 0 eng d
020 ## - INTERNATIONAL STANDARD BOOK NUMBER
ISBN 97811529762617
100 ## - MAIN ENTRY--AUTHOR
Author Kordowicz Maria
245 ## - TITLE STATEMENT
Title Quality Improvement in Heath Care ,A Quide for Students and Practitioners
260 ## - PUBLICATION, DISTRIBUTION, ETC. (IMPRINT)
Place of publication London
Name of publisher Sage
Date of publication 2023
300 ## - COLLATION
Pagination viii,158p
942 ## - ADDED ENTRY ELEMENTS (KOHA)
Item type Books
050 ## - LIBRARY OF CONGRESS CALL NUMBER
Classification number R733
Item number .K67
Holdings
Source of classification or shelving scheme Not for loan Permanent location Current location Date acquired Accession No. Full call number Barcode. Koha item type
Library of Congress Classification   Samuel Ogbemudia Main Library, University of Abuja Samuel Ogbemudia Main Library, University of Abuja 03/10/2025 2024/64031 R733.K67 2025-0444 Books